FOREST policy for private forestry : global and regional challenges

Bibliographic Details
Other Authors: Cashore 1964-, Teeter, Zhang
Format: Book
Published: Oxon, UK : CABI Pub. , 2003
Subjects:

MARC

LEADER 00000cam a2200000 7i4500
001 0000002557
005 20030806.0
020 0 0 |a 0851995993 
090 0 0 |a R634.92   |b FOR 2003 
245 0 0 |a FOREST policy for private forestry :   |b global and regional challenges   |c edited by Lawrence Teeter, Benjamin Cashore and Daowei Zhang 
260 0 0 |a Oxon, UK :   |b CABI Pub. ,   |c 2003 
300 |a xx, 307 p. :   |b ill. ;   |c 25 cm. 
500 0 0 |a Includes bibliographical references and index 
650 0 0 |a Forest management   |x Congresses 
650 0 0 |a Forest policy   |x Congresses 
650 0 0 |a Tree farms   |x Congresses 
700 0 1 |a Cashore   |h Benjamin William ,   |c 1964- 
700 0 1 |a Teeter   |h Lawrence Dale 
700 0 1 |a Zhang   |h Daowei 
998 |a JPSM 
999 |a 0000004963   |b Monograph   |c Reference   |e Default branch